00635nam a2200193 a 450000100100000000500170001000800410002702000150006804000250008310000440010824500520015226000280020430000210023249000250025383000320027804900090031095201050031999900170042400003430820200930073630.0111003s2003 dr 000 0 spa d a846671748x aDO-SdBNPbspacBNPHU1 aMartínez de Lezea, Totid1944-95974113aLa hija de la luna /cToti Martínez de Lezea. aMadrid :bAnaya,c2003. a139 p. ;c23 cm.1 aEspacio abiertov103 0aEspacio abiertov103921447 aBNPD 0010718PDaGRbGRcCTd2011-10-03iLF1l0o p34308-10r2020-06-25w2020-06-25yLFPDZNo se presta c33799d33799